Регионална библиотека "Любен Каравелов" - Русе

География на почвите с основи на почвознанието (Запис номер 57329)

MARC детайли
000 -Лидер
Контролно поле с фиксирана дължина nam a22 a 4500
003 - Код на организацията, давaща контролен номер
Контролно поле BLK
005 - Дата и час на последна редакция
Контролно поле 20220815091147.0
008 - Елементи от данни с фиксирана дължина
fixed length control field 180408b bul|||||r ||||||| ||bul||
010 ## - Наследен системен номер
LC control number KNG00061326000
040 ## - Източник на каталожния запис
Идентификатор на билиотеката - собственик на записа BLK
041 ## - Код за език
Код за езика на текст/звукозапис или на отделно заглавие Български
Код за езика КДБФ Български
080 ## - УДК
Текстов определител УДК Почвознание. Почвени изследвания
УДК код - определител по УДК 631.4
УДК определител (075.8)
УДК - код + определител 631.4(075.8)
100 1# - Редна дума - Автор
Автор Пенков, Марин Добрев
Авторска отговорност първи автор
R(LIN) 254280
139 ## - Редно поле
Редна дума Пенков, Марин Добрев
Авторски знак Пенк - П 35
245 10 - Сведения за заглавието
Заглавие География на почвите с основи на почвознанието
Подзаглавни данни Учебник за студенти по география
Редно поле (дума) Марин Добрев Пенков.
257 ## - Страна на издаване
Страна на създаване/издаване България
260 ## - Област на издателските данни
Име на издателя, разпространителя и проч. Наука и изкуство
Година на издаване 1973
Печатница Варна : Ст. Добрев-Странджата
Място на издаване, разпространение и проч. София
300 ## - Физическа характеристика
Страници 244 с.
Илюстрации и др. с ил., 2 л. ил.
Размери/Мащаб 22 см
380 ## - Жанр
Жанр Селско стопанство
500 ## - Общи забележки
Забележка Библиогр. с. 237-240.
650 #4 - Допълнително описание по предмет – тема
Основно описание – тема или топоним Почви - България
9 (RLIN) 287541
650 #4 - Допълнително описание по предмет – тема
Основно описание – тема или топоним Почвознание - учебници за ВУЗ
9 (RLIN) 254988
651 #4 - Допълнително описание по предмет - топоним
Географско понятие България
9 (RLIN) 241624
653 ## - Ключова дума – ненормативна
Ключова дума почви
653 ## - Ключова дума – ненормативна
Ключова дума почвознание
653 ## - Ключова дума – ненормативна
Ключова дума учебници за ВУЗ
653 ## - Ключова дума – ненормативна
Ключова дума България
852 ## - Местоположение
Форматна сигнатура Цб 69671
Фондова буква Хранилище
856 4# - Електронен адрес и достъп
Електронен формат pdf - файл
856 4# - Електронен адрес и достъп
Електронен формат pdf - файл
999 ## - СИСТЕМНИ КОНТРОЛНИ НОМЕРА
Koha biblionumber 57329
Koha biblioitemnumber 57329
942 ## - АРТИКУЛИ
Вид на библиотечния материал Книги
Скрит в OPAC Не
Периодичен библиозапис Да
944 ## - СЪЗДАВАНЕ И РЕДАКЦИЯ на ЗАПИСА
Създаване/Редакция Създаване
Дата на регистрацията/редакция 13.06.2004
Служител, извършил регистрацията/редакцията Читалня
944 ## - СЪЗДАВАНЕ И РЕДАКЦИЯ на ЗАПИСА
Създаване/Редакция Редакция
Дата на регистрацията/редакция 04.09.2015
Служител, извършил регистрацията/редакцията Милена_Ачева
999 ## - СИСТЕМНИ КОНТРОЛНИ НОМЕРА
Koha biblioitemnumber 57329
Наличности
Код за отписване Код за изгубен артикул Източник на класификационната схема Код за повреда Коз за рестрикции Код за отдаване Артикулен № Име на библиотеката - собственик Име на библиотеката, в която се намира в момента Статус (Текущо местоположение) Дата на вписване в системата Местоположение - отдел Цена в лева Инвентарен номер Систематично азбучна сигнатура Баркод Номер на екземпляра Цена в евро Служебна бележка Служебен тип на артикула Бележка за публиката
  Не е изгубен Universal Decimal Classification Не е повреден без рестрикции ползва се в читалня 92705 Регионална библиотека "Любен Каравелов" Русе Регионална библиотека "Любен Каравелов" Русе Читалня 1993-01-01 Читалня 0.88 151460 Ч 631.4/П 35 120000151460 1 0.45 Дата инв: 20.03.2017 Бележки инв: Ч2017 Книги  
  Не е изгубен Universal Decimal Classification Не е повреден само за читалня ползва се в читалня 92706 Регионална библиотека "Любен Каравелов" Русе Регионална библиотека "Любен Каравелов" Русе Хранилище 1973-01-01 Хранилище 0.88 148127 Цб 69671 120000148127 2 0.45 Дост: Dp Вид: Д N: стар фонд Дата: 01.01.1973 Книги  
Изтеглен Не е изгубен Universal Decimal Classification Не е повреден без рестрикции заемане за дома 92707 Регионална библиотека "Любен Каравелов" Русе Регионална библиотека "Любен Каравелов" Русе Заемна - подръчен фонд 1973-01-01 Заемна - подръчен фонд 0.88 151461 П 631.4/П 35 151461 3 0.45 Вид: Сф N: стар фонд Дата: 01.01.1973 Дата инв: 06.02.2018 Бележки инв: П2018 Книги  
Изтеглен Не е изгубен   Не е повреден без рестрикции заемане за дома 92708 Регионална библиотека "Любен Каравелов" Русе Регионална библиотека "Любен Каравелов" Русе   1973-01-01 Заемна - подръчен фонд 0.88 151462 П 631.4/П 35 151462 4 0.45 Вид: Сф N: стар фонд Дата: 01.01.1973 Книги Отч.N: 11/2018 , Дата: 02.02.2018
Vip Innovations Ltd, Rousse, Bulgaria 2025